ロード中...
Microbiology: Diversity, disease, and the environment
| 第一著者: | |
|---|---|
| その他の著者: | |
| フォーマット: | Printed Book |
| 言語: | Undetermined |
| 出版事項: |
California :
Fitzgerald Science Press,
2001
|
| 主題: |
| LEADER | 00537nam a2200157Ia 4500 | ||
|---|---|---|---|
| 008 | 200122s9999||||xx |||||||||||||| ||und|| | ||
| 080 | |a R576 |b SAL-M | ||
| 100 | |a Salyers, Abigail A | ||
| 245 | 0 | |a Microbiology: Diversity, disease, and the environment | |
| 260 | |a California : |b Fitzgerald Science Press, |c 2001 | ||
| 300 | |a 608 p. | ||
| 650 | |a Microbiology | ||
| 700 | |a Whitt, Dixie D | ||
| 942 | |c REF | ||
| 999 | |c 261001 |d 261001 | ||
| 952 | |0 0 |1 0 |4 0 |6 R_576_000000000000000_SALM |7 0 |9 277212 |a BCH |b BCH |l 0 |o R576 SAL-M |p BCH2108 |r 2020-01-24 |w 2020-01-24 |y REF | ||